Italian Brainrot pt.1 - Statistics

General Stats
  • This quiz has been taken 115 times
  • The average score is 9 of 20
Answer Stats
Picture Answer % Correct
Tralalero Tralala
94%
Ballerina Cappuccina
87%
Cappuccino Assassino
69%
Bombombini Gusini
60%
Tung Tung Sahur
60%
Trippi Troppi
59%
Bombardiro Crocodilo
57%
Brr brr Patapim
57%
Lirilì Larilà
51%
Chimpanzini Bananini
43%
Boneca Ambalabu
40%
Trulimero Truliccina
40%
Glorbo Fruttodrillo
38%
Bobritto bandito
32%
Frulli Frulla
31%
Bri Bri Bicus Dicus
29%
Burbaloni Luliloli
23%
Crocodilo Ananasino
22%
Orangutini Ananasini
20%
Serpentini Toiletini
0%
No matching quizzes found
Score Distribution
Percent of People with Each Score
Percentile by Number Answered
Your Score History
You have not taken this quiz